Pharmacy : An illustrated history

Contents: ancient antecedents; the early modern age; science and pharmacy; the role of the industry...

Đã lưu trong:
書目詳細資料
主要作者: Cowen, David L.
格式: 圖書
語言:Undetermined
出版: New York Abrams 1990
主題:
標簽: 添加標簽
沒有標簽, 成為第一個標記此記錄!
Thư viện lưu trữ: Trung tâm Học liệu Trường Đại học Cần Thơ
LEADER 00682nam a2200217Ia 4500
001 CTU_220433
008 210402s9999 xx 000 0 und d
082 |a 362.17809 
082 |b C874 
100 |a Cowen, David L. 
245 0 |a Pharmacy : 
245 3 |b An illustrated history 
245 0 |c by David L. Cowen and William H. Helfand. 
260 |a New York 
260 |b Abrams 
260 |c 1990 
520 |a Contents: ancient antecedents; the early modern age; science and pharmacy; the role of the industry... 
650 |a Pharmacy,Dược học 
650 |x History,Lịch sử 
904 |i Tuyến 
980 |a Trung tâm Học liệu Trường Đại học Cần Thơ